Air Design (Kent) Limited v Deerglen (Jersey) Limited (Record no. 81190)
[ view plain ]
| 000 -LEADER | |
|---|---|
| fixed length control field | 01896cad a22002055a 4500 |
| 001 - CONTROL NUMBER | |
| control field | L146571 |
| 008 - FIXED-LENGTH DATA ELEMENTS--GENERAL INFORMATION | |
| fixed length control field | 090204e20081210xxk f v 000 0 eng d |
| 035 ## - SYSTEM CONTROL NUMBER | |
| System control number | (Sirsi) u146571 |
| 041 0# - LANGUAGE CODE | |
| Language code of text/sound track or separate title | eng |
| 245 00 - TITLE STATEMENT | |
| Title | Air Design (Kent) Limited v Deerglen (Jersey) Limited |
| Medium | [electronic resource] |
| 260 ## - PUBLICATION, DISTRIBUTION, ETC. | |
| Date of publication, distribution, etc. | 2008 |
| 520 ## - SUMMARY, ETC. | |
| Summary, etc. | [2008] EWHC 3047 (TCC), 10 December 2008. Case considers whether an adjudicator's decision can be resisted at enforcement stage if it concerns more than one contract. Deerglen (D) contracted with Air Design (K) for provision of mechanical services under a "basebuild contract". In May 2007, D again required K to accomplish fit-outs work in behalf of a tenant. There was no formal contract for these works but a letter of intent. In September 2007, D and K entered an agreement for K to provide a Building Management System. In November 2007, D sent a letter to K summing up the value of all the work done by K, with a method and a timetable for all future payments. Disagreements arose as to the value of the work done, the amount left unpaid and the validity of contra charges. They referred these disagreements to adjudication. D argued that there were four different contracts, K that there was just one contract with variations. The adjudicator concluded that it was just one contract. The matter reached the court on the issue of enforcement of the adjudicator's decision. "Held": The judge considered that there was only one contract with variations and enforced the adjudicator's decision. |
| 590 ## - LOCAL NOTE (RLIN) | |
| Local note | KA |
| 650 24 - SUBJECT ADDED ENTRY--TOPICAL TERM | |
| Topical term or geographic name entry element | AIR DESIGN (KENT) LIMITED V DEERGLEN (JERSEY) LIMITED |
| 650 24 - SUBJECT ADDED ENTRY--TOPICAL TERM | |
| Topical term or geographic name entry element | WIMBLEDON CONSTRUCTION CO 2000 LTD V VAGO |
| 651 #4 - SUBJECT ADDED ENTRY--GEOGRAPHIC NAME | |
| Geographic name | England and Wales |
| Chronological subdivision | 1543- |
| 690 ## - LOCAL SUBJECT ADDED ENTRY--TOPICAL TERM (OCLC, RLIN) | |
| Topical term or geographic name as entry element | BUILT ENVIRONMENT-BUILDING CONTRACT FORMS |
| 856 40 - ELECTRONIC LOCATION AND ACCESS | |
| Uniform Resource Identifier | <a href="https://www.bailii.org/ew/cases/EWHC/TCC/2008/3047.html">https://www.bailii.org/ew/cases/EWHC/TCC/2008/3047.html</a> |
| Public note | View the case free of charge at www.bailli.org... |
| 942 ## - ADDED ENTRY ELEMENTS (KOHA) | |
| Suppress in OPAC | 0 |
| Withdrawn status | Lost status | Source of classification or shelving scheme | Damaged status | Not for loan | Home library | Current library | Shelving location | Date acquired | Total Checkouts | Full call number | Barcode | Date last seen | Copy number | Price effective from | Koha item type |
|---|---|---|---|---|---|---|---|---|---|---|---|---|---|---|---|
| Dewey Decimal Classification | Virtual | Virtual | Online | 04/02/2009 | ONLINE PUBLICATION | 146571-2001 | 06/08/2019 | 1 | 06/08/2019 | Law report |